[Event "37. Copenhagen Open (Politiken Cup)"]
[Site "Elsinore"]
[Date "2015.07.25"]
[Round "1"]
[White "Myhre, Mads Wollan"]
[Black "Brorsen, Jacob Abildlund"]
[Result "0-1"]
[WhiteElo "1686"]
[BlackElo "2110"]
[PlyCount "82"]
[EventDate "2015.07.25"]
[EventType "swiss"]
[EventRounds "10"]
[EventCountry "DEN"]
[Source "ChessBase"]
[SourceDate "2015.09.14"]

1. c4 c5 2. g3 g6 3. Nc3 Bg7 4. Bg2 Nc6 5. e3 e5 6. Nge2 Nge7 7. O-O O-O 8. a3
d6 9. d3 Be6 10. Rb1 d5 11. cxd5 Nxd5 12. Nxd5 Bxd5 13. Bxd5 Qxd5 14. Nc3 Qd7
15. Ne4 b6 16. Qc2 Rfd8 17. Rd1 Rac8 18. b3 f5 19. Qc4+ Qd5 20. Nc3 Qxc4 21.
dxc4 Rxd1+ 22. Nxd1 Rd8 23. Bb2 Na5 24. Nc3 Nxb3 25. Nb5 Nd2 26. Rc1 Rd7 27. a4
a6 28. Na3 Nf3+ 29. Kg2 e4 30. Bxg7 Kxg7 31. Nb1 Ne5 32. Rc2 Rd1 33. Nc3 Ra1
34. Nd5 Nf3 35. Rb2 Rg1+ 36. Kh3 g5 37. Nf6 Kxf6 38. Rxb6+ Kf7 39. Rb7+ Kg6 40.
Rb6+ Kh5 41. Rf6 g4# 0-1

[Event "37. Copenhagen Open (Politiken Cup)"]
[Site "Elsinore"]
[Date "2015.07.25"]
[Round "1"]
[White "Naroditsky, Daniel"]
[Black "Skjoldager, Flemming"]
[Result "1-0"]
[WhiteElo "2622"]
[BlackElo "1944"]
[PlyCount "87"]
[EventDate "2015.07.25"]
[EventType "swiss"]
[EventRounds "10"]
[EventCountry "DEN"]
[Source "ChessBase"]
[SourceDate "2015.09.14"]

1. d4 d5 2. c4 c6 3. Nf3 Nf6 4. Nc3 e6 5. g3 Nbd7 6. Bg2 Be7 7. O-O O-O 8. Qd3
Qc7 9. Bf4 Bd6 10. Bxd6 Qxd6 11. c5 Qc7 12. e4 dxe4 13. Nxe4 Rd8 14. Nd6 Nf8
15. Ne5 Rxd6 16. cxd6 Qxd6 17. Rfd1 N8d7 18. Nc4 Qc7 19. b4 Nb6 20. Rac1 a6 21.
Na5 Nbd5 22. a3 Qd8 23. Qe2 h6 24. h3 Qf8 25. f4 Qd8 26. Rf1 Ne7 27. Qf2 h5 28.
Nc4 Nf5 29. Ne5 Kf8 30. g4 hxg4 31. hxg4 Ne7 32. Rc3 g6 33. Rh3 Neg8 34. Bf3 a5
35. g5 Ne8 36. Rh8 Ng7 37. Qh2 Qxd4+ 38. Kh1 Nh5 39. Bxh5 gxh5 40. Qxh5 Qe4+
41. Kh2 Kg7 42. Rxg8+ Kxg8 43. Qxf7+ Kh8 44. Ng6+ 1-0

[Event "37. Copenhagen Open (Politiken Cup)"]
[Site "Elsinore"]
[Date "2015.07.25"]
[Round "1"]
[White "Neu, Alexandre"]
[Black "Kvamme, John Agnar"]
[Result "0-1"]
[WhiteElo "1741"]
[BlackElo "2158"]
[PlyCount "49"]
[EventDate "2015.07.25"]
[EventType "swiss"]
[EventRounds "10"]
[EventCountry "DEN"]
[Source "ChessBase"]
[SourceDate "2015.09.14"]

1. e4 c5 2. Nf3 g6 3. d4 Bg7 4. Nc3 cxd4 5. Nxd4 Nc6 6. Be3 Nf6 7. Bc4 Qa5 8.
O-O O-O 9. Bb3 d6 10. f3 Bd7 11. Qd2 Rfc8 12. Rad1 Ne5 13. Nd5 Qxd2 14. Rxd2
Kf8 15. Bg5 Nxd5 16. exd5 a5 17. a3 h6 18. Bh4 Nc4 19. Bxc4 Rxc4 20. c3 b5 21.
Re1 g5 22. Bf2 b4 23. axb4 axb4 24. cxb4 Rb8 25. b5 0-1

[Event "37. Copenhagen Open (Politiken Cup)"]
[Site "Elsinore"]
[Date "2015.07.25"]
[Round "1"]
[White "Nielsen, Carsten Juul"]
[Black "Ski, Alexander K"]
[Result "1-0"]
[WhiteElo "2023"]
[BlackElo "1445"]
[PlyCount "53"]
[EventDate "2015.07.25"]
[EventType "swiss"]
[EventRounds "10"]
[EventCountry "DEN"]
[Source "ChessBase"]
[SourceDate "2015.09.14"]

1. d4 d5 2. c4 dxc4 3. e3 e6 4. Bxc4 Nf6 5. Nc3 Be7 6. Nf3 b6 7. O-O O-O 8. Qe2
Bb7 9. e4 Nc6 10. Rd1 Qd7 11. Be3 Na5 12. Bb5 Bc6 13. Bd3 Bb4 14. Ne5 Qd6 15.
Nxc6 Qxc6 16. Rac1 Qd7 17. e5 Nd5 18. Ne4 f5 19. exf6 Nxf6 20. Qc2 Nd5 21. Ng5
h6 22. Bb5 Rxf2 23. Qh7+ Kf8 24. Qh8+ Ke7 25. Qxg7+ Ke8 26. Bxd7+ Kd8 27. Nxe6#
1-0

[Event "37. Copenhagen Open (Politiken Cup)"]
[Site "Elsinore"]
[Date "2015.07.25"]
[Round "1"]
[White "Nielsen, Hogni Egilstoft"]
[Black "Simensen, Vegard"]
[Result "1-0"]
[WhiteElo "2338"]
[BlackElo "1859"]
[PlyCount "87"]
[EventDate "2015.07.25"]
[EventType "swiss"]
[EventRounds "10"]
[EventCountry "DEN"]
[Source "ChessBase"]
[SourceDate "2015.09.14"]

1. e4 c5 2. c3 d5 3. exd5 Nf6 4. Bb5+ Nbd7 5. c4 a6 6. Bxd7+ Bxd7 7. d4 Qc7 8.
Ne2 g6 9. Bf4 Qa5+ 10. Qd2 Qxd2+ 11. Nxd2 cxd4 12. Nxd4 Bg7 13. Be5 O-O 14. O-O
Rac8 15. a4 Bh6 16. N4f3 Nh5 17. b3 Nf4 18. g3 Nd3 19. Bd4 Bh3 20. Rfd1 Nb4 21.
Ne1 Bf5 22. Ndf3 Nc2 23. Ra2 Nxd4 24. Nxd4 Bg4 25. f3 Bd7 26. Re2 Rfe8 27. Nd3
Bg7 28. Ne5 Red8 29. Kg2 Bf6 30. Re4 Kg7 31. Rde1 Rc7 32. f4 Bc8 33. h3 Kf8 34.
g4 h6 35. Rf1 Kg8 36. g5 Bg7 37. gxh6 Bxh6 38. f5 g5 39. Kf2 Kg7 40. Ng4 Rd6
41. Rfe1 Kf8 42. f6 Rxf6+ 43. Nxf6 exf6 44. d6 1-0

[Event "37. Copenhagen Open (Politiken Cup)"]
[Site "Elsinore"]
[Date "2015.07.25"]
[Round "1"]
[White "Nielsen, Kai Gylling"]
[Black "Christensen, Lasse"]
[Result "0-1"]
[WhiteElo "1761"]
[BlackElo "2168"]
[PlyCount "66"]
[EventDate "2015.07.25"]
[EventType "swiss"]
[EventRounds "10"]
[EventCountry "DEN"]
[Source "ChessBase"]
[SourceDate "2015.09.14"]

1. e4 c6 2. Nf3 d5 3. exd5 cxd5 4. d4 Nf6 5. Bd3 g6 6. h3 Bg7 7. Be3 O-O 8. Qc1
Nc6 9. c3 Re8 10. O-O Nd7 11. Nbd2 e5 12. dxe5 Ndxe5 13. Bb5 Bd7 14. Nxe5 Nxe5
15. Bxd7 Qxd7 16. Qc2 f5 17. Rad1 Qf7 18. Bd4 f4 19. Bxe5 Bxe5 20. Nf3 Bg7 21.
Rd2 d4 22. Nxd4 Qxa2 23. Qb3+ Qxb3 24. Nxb3 Rad8 25. Rfd1 Rxd2 26. Rxd2 Re1+
27. Kh2 Kf7 28. Nc5 Re7 29. f3 h6 30. Ne4 a6 31. Rd6 Be5 32. Rb6 Bb8 33. Nc5
Ba7 0-1

[Event "37. Copenhagen Open (Politiken Cup)"]
[Site "Elsinore"]
[Date "2015.07.25"]
[Round "1"]
[White "Nielsen, Leo"]
[Black "Risting, Eivind Olav"]
[Result "0-1"]
[WhiteElo "1775"]
[BlackElo "2190"]
[PlyCount "54"]
[EventDate "2015.07.25"]
[EventType "swiss"]
[EventRounds "10"]
[EventCountry "DEN"]
[Source "ChessBase"]
[SourceDate "2015.09.14"]

1. e4 c5 2. Nf3 Nc6 3. Bc4 e6 4. Nc3 a6 5. a4 d6 6. d4 cxd4 7. Nxd4 Nf6 8. Nxc6
bxc6 9. O-O d5 10. Bd3 Be7 11. e5 Nd7 12. f4 Rb8 13. Rf3 c5 14. Rh3 g6 15. Qg4
c4 16. Bxg6 fxg6 17. Ne2 Bc5+ 18. Kh1 Qe7 19. c3 Qf7 20. Rf3 Rb3 21. Be3 Rxb2
22. Bxc5 Nxc5 23. Nd4 Ne4 24. Nc6 Bd7 25. Nb4 Nf2+ 26. Rxf2 Rxf2 27. Nxa6 Rxf4
0-1

[Event "37. Copenhagen Open (Politiken Cup)"]
[Site "Elsinore"]
[Date "2015.07.25"]
[Round "1"]
[White "Nielsen, Palle"]
[Black "Eriksson, Kristian"]
[Result "0-1"]
[WhiteElo "1751"]
[BlackElo "2164"]
[PlyCount "82"]
[EventDate "2015.07.25"]
[EventType "swiss"]
[EventRounds "10"]
[EventCountry "DEN"]
[Source "ChessBase"]
[SourceDate "2015.09.14"]

1. d4 Nf6 2. c4 e6 3. Nc3 Bb4 4. Qc2 O-O 5. Nf3 d6 6. Bd2 c5 7. e3 Nc6 8. Be2
e5 9. d5 Ne7 10. e4 Ng6 11. O-O Qe7 12. h3 Nh5 13. Kh2 Bxc3 14. Bxc3 Nhf4 15.
Rg1 f5 16. Bf1 fxe4 17. Qxe4 Qf6 18. Bd2 Nxh3 19. gxh3 Qxf3 20. Qxf3 Rxf3 21.
Be3 Bd7 22. Rg3 Raf8 23. Bg2 R3f7 24. Rg1 Nf4 25. Bf1 g6 26. Rg5 Rf5 27. h4
Rxg5 28. hxg5 Nh5 29. Be2 Ng7 30. Bd3 Bf5 31. Be2 Be4 32. Rg4 Bf3 33. Bxf3 Rxf3
34. Kg2 Rf7 35. Kf1 Nf5 36. Bd2 Kg7 37. Ke1 Nd4 38. Kf1 Nf3 39. Ke2 Nxd2 40.
Kxd2 Rxf2+ 41. Kc3 Rf3+ 0-1

[Event "37. Copenhagen Open (Politiken Cup)"]
[Site "Elsinore"]
[Date "2015.07.25"]
[Round "1"]
[White "Nilsen, Tobias Lang"]
[Black "Carstensen, Jacob"]
[Result "0-1"]
[WhiteElo "1855"]
[BlackElo "2336"]
[PlyCount "46"]
[EventDate "2015.07.25"]
[EventType "swiss"]
[EventRounds "10"]
[EventCountry "DEN"]
[Source "ChessBase"]
[SourceDate "2015.09.14"]

1. e4 c5 2. Nf3 d6 3. d4 Nf6 4. Nc3 cxd4 5. Nxd4 a6 6. Bc4 e6 7. Be3 Nc6 8. a4
Bd7 9. O-O Rc8 10. Bb3 Na5 11. Ba2 Be7 12. Qe2 O-O 13. f4 Rxc3 14. bxc3 Nxe4
15. Qd3 Nc5 16. Qd2 Qc7 17. f5 e5 18. Nb3 Nc4 19. Qe2 Nxe3 20. Qxe3 Nxa4 21.
Rf3 Rc8 22. Nd2 d5 23. c4 Bc5 0-1

[Event "37. Copenhagen Open (Politiken Cup)"]
[Site "Elsinore"]
[Date "2015.07.25"]
[Round "1"]
[White "Nilssen, Ellen Fredericia"]
[Black "Louis, Thibault"]
[Result "0-1"]
[WhiteElo "1819"]
[BlackElo "2250"]
[PlyCount "50"]
[EventDate "2015.07.25"]
[EventType "swiss"]
[EventRounds "10"]
[EventCountry "DEN"]
[Source "ChessBase"]
[SourceDate "2015.09.14"]

1. d4 Nf6 2. c4 e6 3. Nc3 Bb4 4. Qc2 b6 5. a3 Bxc3+ 6. Qxc3 O-O 7. Bg5 Bb7 8.
f3 h6 9. Bh4 d5 10. e3 Nbd7 11. Bd3 c5 12. Ne2 Rc8 13. Rc1 cxd4 14. Nxd4 Ne5
15. Ne2 Nxd3+ 16. Qxd3 Ba6 17. b3 dxc4 18. Qxd8 Rfxd8 19. bxc4 Rd3 20. Rc3 Rcd8
21. Kf2 Rxc3 22. Nxc3 Rd2+ 23. Ke1 Rc2 24. Nd1 Bxc4 25. Rf1 Re2# 0-1

[Event "37. Copenhagen Open (Politiken Cup)"]
[Site "Elsinore"]
[Date "2015.07.25"]
[Round "1"]
[White "Norevall, Ulf"]
[Black "Fernandez, Daniel Howard"]
[Result "0-1"]
[WhiteElo "1905"]
[BlackElo "2472"]
[PlyCount "80"]
[EventDate "2015.07.25"]
[EventType "swiss"]
[EventRounds "10"]
[EventCountry "DEN"]
[Source "ChessBase"]
[SourceDate "2015.09.14"]

1. d4 Nf6 2. c4 e6 3. Nc3 Bb4 4. Qc2 c5 5. dxc5 Bxc5 6. Nf3 O-O 7. Bg5 h6 8.
Bh4 b6 9. e3 Bb7 10. Bd3 Be7 11. O-O Na6 12. a3 Nc5 13. Be2 a5 14. b3 Nfe4 15.
Bxe7 Qxe7 16. b4 Nxc3 17. Qxc3 Ne4 18. Qb2 d5 19. cxd5 Bxd5 20. Nd4 axb4 21.
Qxb4 Qxb4 22. axb4 Nc3 23. Bd3 Na2 24. b5 Rfd8 25. Rfd1 Nb4 26. Bf1 e5 27. Nf5
Be4 28. Rxa8 Rxa8 29. Ng3 Bd5 30. e4 Be6 31. Rb1 Nc2 32. Bd3 Nd4 33. Ne2 Nb3
34. Nc3 Ra3 35. Bf1 Kf8 36. g3 Nc5 37. Rc1 g5 38. f3 Ke7 39. Kf2 g4 40. Bg2
Nd3+ 0-1

[Event "37. Copenhagen Open (Politiken Cup)"]
[Site "Elsinore"]
[Date "2015.07.25"]
[Round "1"]
[White "Norlander, Svante"]
[Black "Vovk, Oksana"]
[Result "0-1"]
[WhiteElo "1705"]
[BlackElo "2127"]
[PlyCount "30"]
[EventDate "2015.07.25"]
[EventType "swiss"]
[EventRounds "10"]
[EventCountry "DEN"]
[Source "ChessBase"]
[SourceDate "2015.09.14"]

1. e4 e6 2. d4 d5 3. Nc3 Nf6 4. e5 Nfd7 5. f4 c5 6. Nf3 Nc6 7. Be3 cxd4 8. Nxd4
Bc5 9. Bb5 Qc7 10. Qd2 a6 11. Bxc6 bxc6 12. O-O Be7 13. Na4 c5 14. Ne2 d4 15.
Bf2 Qc6 0-1

[Event "37. Copenhagen Open (Politiken Cup)"]
[Site "Elsinore"]
[Date "2015.07.25"]
[Round "1"]
[White "Olsen, Aage Dalstrup"]
[Black "Klings, Peter"]
[Result "0-1"]
[WhiteElo "1735"]
[BlackElo "2154"]
[PlyCount "82"]
[EventDate "2015.07.25"]
[EventType "swiss"]
[EventRounds "10"]
[EventCountry "DEN"]
[Source "ChessBase"]
[SourceDate "2015.09.14"]

1. e4 c6 2. d3 d5 3. Nd2 e5 4. g3 f5 5. Bg2 Nf6 6. Qe2 fxe4 7. dxe4 d4 8. Ngf3
Qe7 9. Nc4 Nbd7 10. b3 b5 11. Na5 Qc5 12. a3 Qc3+ 13. Qd2 Qxa1 14. O-O Qc3 15.
Qxc3 dxc3 16. Nxc6 Bb7 17. Nfxe5 Bc5 18. Nxd7 Kxd7 19. Ne5+ Kc7 20. Nd3 Bd4 21.
Bf4+ Kb6 22. Re1 Rae8 23. e5 Nd5 24. Bc1 Nc7 25. Be3 Ne6 26. Bh3 Bxe3 27. Rxe3
Nd4 28. Ne1 g5 29. Bf1 Rhf8 30. Bd3 Nf3+ 31. Nxf3 Rxf3 32. Re2 Re7 33. Kf1 Kc5
34. b4+ Kd4 35. e6 Rf6 36. Bxh7 Rfxe6 37. Rxe6 Rxe6 38. Bd3 a6 39. f4 gxf4 40.
g4 Be4 41. Bxe4 Kxe4 0-1

[Event "37. Copenhagen Open (Politiken Cup)"]
[Site "Elsinore"]
[Date "2015.07.25"]
[Round "1"]
[White "Opasiak, Dustin Tennessee"]
[Black "Larsen, Ole Bogh"]
[Result "0-1"]
[WhiteElo "1791"]
[BlackElo "2203"]
[PlyCount "46"]
[EventDate "2015.07.25"]
[EventType "swiss"]
[EventRounds "10"]
[EventCountry "DEN"]
[Source "ChessBase"]
[SourceDate "2015.09.14"]

1. Nf3 Nf6 2. g3 g6 3. Bg2 Bg7 4. O-O d5 5. d3 O-O 6. Nbd2 c6 7. e4 Na6 8. Re1
dxe4 9. dxe4 Nc5 10. Qe2 b6 11. Ne5 Ba6 12. Qe3 Qc7 13. f4 Rad8 14. a4 Ng4 15.
Qf3 Nxe5 16. fxe5 Qxe5 17. a5 Bb7 18. axb6 axb6 19. Kh1 Ne6 20. Nc4 Qc5 21. Qb3
Nd4 22. Qxb6 Qxb6 23. Nxb6 Nxc2 0-1

[Event "37. Copenhagen Open (Politiken Cup)"]
[Site "Elsinore"]
[Date "2015.07.25"]
[Round "1"]
[White "Overgaard, Jorgen"]
[Black "Zeier, Klaus"]
[Result "0-1"]
[WhiteElo "1800"]
[BlackElo "2229"]
[PlyCount "82"]
[EventDate "2015.07.25"]
[EventType "swiss"]
[EventRounds "10"]
[EventCountry "DEN"]
[Source "ChessBase"]
[SourceDate "2015.09.14"]

1. e4 e5 2. Nf3 Nc6 3. d4 exd4 4. Nxd4 Nf6 5. Nxc6 bxc6 6. e5 Qe7 7. Qe2 Nd5 8.
c4 Ba6 9. b3 g6 10. Bb2 Bg7 11. Nd2 O-O 12. g3 Rae8 13. f4 f6 14. Nf3 fxe5 15.
fxe5 Rxf3 16. Qxf3 Bxe5 17. O-O-O Bxb2+ 18. Kxb2 Qe5+ 19. Ka3 Rf8 20. Qd3 Ne3
21. Rc1 Rf2 22. Be2 Rxe2 23. Qxe2 Nxc4+ 24. Qxc4+ Bxc4 25. Rxc4 Qa5+ 26. Kb2
Qe5+ 27. Ka3 Qe2 28. Rf4 d5 29. Rhf1 Kg7 30. g4 d4 31. g5 Qe7+ 32. Kb2 Qxg5 33.
Rf7+ Kh6 34. R1f3 Qd2+ 35. Ka3 Qxh2 36. Rf2 Qd6+ 37. Kb2 Qe5 38. Kc2 g5 39.
R2f6+ Kh5 40. Rxh7+ Kg4 41. Rhf7 Qe2+ 0-1

[Event "37. Copenhagen Open (Politiken Cup)"]
[Site "Elsinore"]
[Date "2015.07.25"]
[Round "1"]
[White "Pantzar, Milton"]
[Black "Jacobsen, Caroline Beer"]
[Result "1/2-1/2"]
[WhiteElo "2098"]
[BlackElo "1666"]
[PlyCount "71"]
[EventDate "2015.07.25"]
[EventType "swiss"]
[EventRounds "10"]
[EventCountry "DEN"]
[Source "ChessBase"]
[SourceDate "2015.09.14"]

1. d4 Nf6 2. c4 e6 3. Nc3 Bb4 4. e3 Ne4 5. Bd2 Nxc3 6. bxc3 Be7 7. Bd3 d5 8.
cxd5 Qxd5 9. Nf3 O-O 10. e4 Qd8 11. O-O c5 12. Qe2 Nc6 13. Rfd1 cxd4 14. cxd4
Nxd4 15. Nxd4 Qxd4 16. Rac1 Rd8 17. Be3 Qf6 18. Rc7 Bd6 19. Rc2 Bd7 20. Rb1 Bc6
21. f3 Rd7 22. Bb5 Bxb5 23. Qxb5 Qd8 24. g3 Be7 25. Kg2 Rd3 26. Bf2 b6 27. a4
Qd7 28. a5 Qxb5 29. Rxb5 bxa5 30. Rxa5 a6 31. Rca2 Rd6 32. Bc5 Rd7 33. Bxe7
Rxe7 34. Rxa6 Rxa6 35. Rxa6 h6 36. Ra8+ 1/2-1/2

[Event "37. Copenhagen Open (Politiken Cup)"]
[Site "Elsinore"]
[Date "2015.07.25"]
[Round "1"]
[White "Papp, Petra"]
[Black "Andersen, Dag"]
[Result "1-0"]
[WhiteElo "2300"]
[BlackElo "1840"]
[PlyCount "51"]
[EventDate "2015.07.25"]
[EventType "swiss"]
[EventRounds "10"]
[EventCountry "DEN"]
[Source "ChessBase"]
[SourceDate "2015.09.14"]

1. e4 e6 2. d4 d5 3. Nc3 Bb4 4. e5 c5 5. a3 Bxc3+ 6. bxc3 Ne7 7. Qg4 O-O 8. Bd3
f5 9. exf6 Rxf6 10. Bg5 Rf7 11. Qh5 g6 12. Qd1 Nbc6 13. Nf3 Qf8 14. O-O c4 15.
Be2 h6 16. Bc1 Qg7 17. h3 Bd7 18. a4 Kh7 19. Ba3 g5 20. Nh2 Ng6 21. Bh5 Rg8 22.
Re1 Qf6 23. Ng4 Qf4 24. Re3 Qc7 25. Rf3 Rgg7 26. Nf6+ 1-0

[Event "37. Copenhagen Open (Politiken Cup)"]
[Site "Elsinore"]
[Date "2015.07.25"]
[Round "1"]
[White "Pedersen, Carl Aage"]
[Black "Thogersen, Rasmus"]
[Result "0-1"]
[WhiteElo "1778"]
[BlackElo "2192"]
[PlyCount "58"]
[EventDate "2015.07.25"]
[EventType "swiss"]
[EventRounds "10"]
[EventCountry "DEN"]
[Source "ChessBase"]
[SourceDate "2015.09.14"]

1. d4 Nf6 2. Nf3 g6 3. c4 Bg7 4. Nc3 O-O 5. e3 d6 6. Be2 Nbd7 7. O-O e5 8. Qc2
c6 9. b3 Re8 10. Bb2 exd4 11. exd4 Nf8 12. Rad1 Bf5 13. Qc1 d5 14. Rfe1 Ne4 15.
h3 h5 16. cxd5 Nxc3 17. Bxc3 Qxd5 18. Bc4 Rxe1+ 19. Rxe1 Qd6 20. Ne5 Be6 21.
Qf4 Rd8 22. Re3 Bd5 23. Bxd5 Qxd5 24. Rf3 Bxe5 25. Qxe5 Ne6 26. Qxd5 Rxd5 27.
Rd3 c5 28. Kf1 cxd4 29. g3 dxc3 0-1

[Event "37. Copenhagen Open (Politiken Cup)"]
[Site "Elsinore"]
[Date "2015.07.25"]
[Round "1"]
[White "Pedersen, Hans Buus"]
[Black "Satre, Mathias"]
[Result "1-0"]
[WhiteElo "2158"]
[BlackElo "1753"]
[PlyCount "81"]
[EventDate "2015.07.25"]
[EventType "swiss"]
[EventRounds "10"]
[EventCountry "DEN"]
[Source "ChessBase"]
[SourceDate "2015.09.14"]

1. d4 Nf6 2. Nf3 g6 3. Bf4 Bg7 4. e3 O-O 5. Be2 c5 6. c3 d6 7. h3 Nc6 8. O-O
cxd4 9. cxd4 Nh5 10. Bh2 e5 11. Nc3 Qb6 12. Nb5 Rd8 13. d5 Ne7 14. a4 Nf6 15.
a5 Qc5 16. Rc1 Qxd5 17. Nc7 Qxd1 18. Rfxd1 Rb8 19. Nxe5 Bxh3 20. Nxf7 Kxf7 21.
gxh3 d5 22. Nb5 Ra8 23. Nd6+ Kg8 24. Rc7 Nc6 25. Nxb7 Rdc8 26. Rc1 Rxc7 27.
Bxc7 Ne7 28. Be5 Rc8 29. Rxc8+ Nxc8 30. Bf3 Ne4 31. Bxg7 Kxg7 32. b4 Kf6 33.
Bg4 Ne7 34. b5 Nc3 35. Bd7 d4 36. exd4 Ne2+ 37. Kg2 Nxd4 38. a6 Ke5 39. b6 Ndc6
40. Nd8 axb6 41. Nxc6+ 1-0

[Event "37. Copenhagen Open (Politiken Cup)"]
[Site "Elsinore"]
[Date "2015.07.25"]
[Round "1"]
[White "Percivaldi, Martin"]
[Black "Vehl, Tina"]
[Result "1-0"]
[WhiteElo "2310"]
[BlackElo "1851"]
[PlyCount "121"]
[EventDate "2015.07.25"]
[EventType "swiss"]
[EventRounds "10"]
[EventCountry "DEN"]
[Source "ChessBase"]
[SourceDate "2015.09.14"]

1. d4 d5 2. c4 dxc4 3. e3 Nf6 4. Bxc4 e6 5. Nf3 c5 6. O-O a6 7. a4 Nc6 8. Nc3
Nd5 9. Bxd5 exd5 10. dxc5 Be6 11. Nd4 Nxd4 12. exd4 Be7 13. b4 b6 14. a5 b5 15.
Bf4 O-O 16. Qd2 Qd7 17. Rae1 Rfe8 18. Be5 f6 19. Bg3 Bf8 20. f3 Bf7 21. Rxe8
Rxe8 22. Re1 Rxe1+ 23. Qxe1 Qe6 24. Qxe6 Bxe6 25. f4 g6 26. f5 gxf5 27. Bf4 Kf7
28. Kf2 Ke8 29. Ne2 Bd7 30. Be3 Kf7 31. Nf4 Bc6 32. Kf3 Be7 33. Nh5 Kg6 34. Ng3
h5 35. Ne2 h4 36. Nf4+ Kf7 37. Bf2 Bf8 38. Bxh4 Bh6 39. Nd3 Ke6 40. Bg3 Kf7 41.
Bf4 Bg7 42. g3 Ke6 43. Nf2 Be8 44. Ke3 Bh5 45. Nd3 Bf7 46. c6 Bf8 47. c7 Kd7
48. Nc5+ Bxc5 49. dxc5 Be6 50. Kd4 Bf7 51. c6+ Kc8 52. Kc5 d4 53. Kb6 Bd5 54.
h4 d3 55. h5 Bf7 56. h6 Bg8 57. Kxa6 d2 58. Bxd2 Kxc7 59. Kxb5 Bh7 60. Bf4+ Kc8
61. a6 1-0

[Event "37. Copenhagen Open (Politiken Cup)"]
[Site "Elsinore"]
[Date "2015.07.25"]
[Round "1"]
[White "Perrett, David C"]
[Black "Hansen, Sune Berg"]
[Result "0-1"]
[WhiteElo "1937"]
[BlackElo "2566"]
[PlyCount "54"]
[EventDate "2015.07.25"]
[EventType "swiss"]
[EventRounds "10"]
[EventCountry "DEN"]
[Source "ChessBase"]
[SourceDate "2015.09.14"]

1. d4 Nf6 2. Bg5 Ne4 3. Bf4 c5 4. f3 Qa5+ 5. c3 Nf6 6. Nd2 cxd4 7. Nb3 Qd8 8.
cxd4 e6 9. e4 d5 10. e5 Nfd7 11. Bd3 Nc6 12. a3 a5 13. a4 Bb4+ 14. Kf2 Nb6 15.
Ne2 Bd7 16. Nc5 Bxc5 17. dxc5 Nc8 18. Bb5 N8e7 19. Bxc6 bxc6 20. Nd4 Ng6 21.
Bg3 O-O 22. Re1 Rb8 23. b3 Rb4 24. Rc1 f6 25. Kg1 fxe5 26. Bxe5 Nxe5 27. Rxe5
Qf6 0-1

[Event "37. Copenhagen Open (Politiken Cup)"]
[Site "Elsinore"]
[Date "2015.07.25"]
[Round "1"]
[White "Petersen, Tom Petri"]
[Black "Bjornes, Leif"]
[Result "1/2-1/2"]
[WhiteElo "2360"]
[BlackElo "1867"]
[PlyCount "100"]
[EventDate "2015.07.25"]
[EventType "swiss"]
[EventRounds "10"]
[EventCountry "DEN"]
[Source "ChessBase"]
[SourceDate "2015.09.14"]

1. g3 d5 2. Bg2 Nf6 3. Nf3 g6 4. O-O Nbd7 5. c4 c6 6. cxd5 cxd5 7. Nc3 Bg7 8.
Qb3 e6 9. Qb4 Qb6 10. Qa4 O-O 11. d3 a6 12. Rb1 Qc6 13. Qh4 b5 14. Bd2 Bb7 15.
Rfc1 Qd6 16. d4 Rac8 17. Bf4 Qb6 18. Bh6 Rfe8 19. Bxg7 Kxg7 20. e3 Rc7 21. Ne5
Rec8 22. Qf4 b4 23. Ne2 a5 24. g4 Rxc1+ 25. Rxc1 Rxc1+ 26. Nxc1 Qc7 27. Ncd3
Nxe5 28. Qxe5 Qxe5 29. Nxe5 Ne8 30. Bf1 Nd6 31. Bd3 Kf8 32. Nd7+ Ke7 33. Nc5
Bc6 34. b3 Kd8 35. Kf1 Kc7 36. Ke1 Bb5 37. Bc2 Bc6 38. Bd3 Bb5 39. Kd2 Bxd3 40.
Kxd3 Nb5 41. f3 Nd6 42. e4 Nb5 43. e5 g5 44. Na4 Kc6 45. Ke3 h6 46. Kd3 Kc7 47.
Nc5 Kc6 48. Na4 Kc7 49. Nc5 Kc6 50. Na4 Kc7 1/2-1/2

[Event "37. Copenhagen Open (Politiken Cup)"]
[Site "Elsinore"]
[Date "2015.07.25"]
[Round "1"]
[White "Petersson, Baldur Teodor"]
[Black "Narheim, Mats"]
[Result "1-0"]
[WhiteElo "1988"]
[BlackElo "1264"]
[PlyCount "55"]
[EventDate "2015.07.25"]
[EventType "swiss"]
[EventRounds "10"]
[EventCountry "DEN"]
[Source "ChessBase"]
[SourceDate "2015.09.14"]

1. e4 c5 2. Nc3 Nc6 3. g3 d6 4. Bg2 g6 5. d3 Bg7 6. f4 Nf6 7. Nf3 Bg4 8. h3
Bxf3 9. Qxf3 Nd4 10. Qf2 O-O 11. O-O Nc6 12. g4 Nd7 13. g5 Nb4 14. Be3 f6 15.
h4 fxg5 16. hxg5 e5 17. f5 gxf5 18. exf5 Nc6 19. Bd5+ Kh8 20. Qh4 Rc8 21. Kg2
h6 22. Ne4 Rc7 23. f6 Nxf6 24. gxf6 Rd7 25. Bxh6 Bxh6 26. Qxh6+ Rh7 27. Rh1 Qd7
28. Qxf8# 1-0

[Event "37. Copenhagen Open (Politiken Cup)"]
[Site "Elsinore"]
[Date "2015.07.25"]
[Round "1"]
[White "Philipsen, William Horup"]
[Black "Grigoriants, Sergey"]
[Result "0-1"]
[WhiteElo "1943"]
[BlackElo "2594"]
[PlyCount "50"]
[EventDate "2015.07.25"]
[EventType "swiss"]
[EventRounds "10"]
[EventCountry "DEN"]
[Source "ChessBase"]
[SourceDate "2015.09.14"]

1. e4 c5 2. d4 cxd4 3. c3 d3 4. Bxd3 Nc6 5. Nf3 d6 6. Bc4 Qc7 7. Na3 a6 8. O-O
Nf6 9. Qe2 e6 10. Bf4 Be7 11. e5 Nh5 12. Bg5 Bxg5 13. Nxg5 Nf4 14. Qe4 dxe5 15.
Rae1 f6 16. Nf3 Na5 17. g3 Nxc4 18. gxf4 Nxa3 19. bxa3 exf4 20. Qa4+ Bd7 21.
Qb4 e5 22. Rb1 Bc6 23. Nd2 Qd7 24. Ne4 Qg4+ 25. Ng3 Qf3 0-1

[Event "37. Copenhagen Open (Politiken Cup)"]
[Site "Elsinore"]
[Date "2015.07.25"]
[Round "1"]
[White "Poulsen, Iver"]
[Black "Olsen, Kaj"]
[Result "1-0"]
[WhiteElo "2119"]
[BlackElo "1701"]
[PlyCount "53"]
[EventDate "2015.07.25"]
[EventType "swiss"]
[EventRounds "10"]
[EventCountry "DEN"]
[Source "ChessBase"]
[SourceDate "2015.09.14"]

1. e4 e5 2. Nf3 Nf6 3. d3 Nc6 4. Be2 d5 5. exd5 Nxd5 6. O-O Bc5 7. Nc3 O-O 8.
Re1 Bb4 9. Bd2 Re8 10. Nxd5 Qxd5 11. Bxb4 Nxb4 12. Nd2 Re6 13. Bf3 Qc5 14. Nc4
f6 15. c3 Nc6 16. b4 Nxb4 17. cxb4 Qd4 18. Qb3 Kf8 19. Rad1 f5 20. Qb2 Qxb2 21.
Nxb2 Ra6 22. a4 Rb6 23. b5 a6 24. Nc4 Rf6 25. Rxe5 axb5 26. axb5 Ra4 27. Rc5
1-0

[Event "37. Copenhagen Open (Politiken Cup)"]
[Site "Elsinore"]
[Date "2015.07.25"]
[Round "1"]
[White "Quinn, David"]
[Black "Nisipeanu, Liviu Dieter"]
[Result "0-1"]
[WhiteElo "1947"]
[BlackElo "2654"]
[PlyCount "60"]
[EventDate "2015.07.25"]
[EventType "swiss"]
[EventRounds "10"]
[EventCountry "DEN"]
[Source "ChessBase"]
[SourceDate "2015.09.14"]

1. d4 Nf6 2. c4 e6 3. Nf3 b6 4. Bf4 Bb7 5. e3 d6 6. Nc3 Nbd7 7. Bd3 g6 8. O-O
Bg7 9. Qe2 O-O 10. e4 e5 11. dxe5 dxe5 12. Bg5 h6 13. Bh4 g5 14. Bg3 Nh5 15.
Rad1 Nf4 16. Qe3 Nc5 17. Bc2 Qe8 18. Nd5 Nce6 19. Rfe1 c6 20. Nc3 Qe7 21. a3
Ba6 22. Bb3 Rad8 23. Rxd8 Rxd8 24. Rd1 Nd4 25. Ba2 Nde2+ 26. Kf1 Nxc3 27. Rxd8+
Qxd8 28. Qxc3 Qd1+ 29. Ne1 Qe2+ 30. Kg1 Qxe4 0-1